| 000 | 00415nam a22001697a 4500 | ||
|---|---|---|---|
| 999 |
_c8767 _d8767 |
||
| 003 | OSt | ||
| 008 | 200710b ||||| |||| 00| 0 eng d | ||
| 020 | _a9789386700346 | ||
| 082 | _a612 PRH | ||
| 100 | _aPrasad,Mahesh | ||
| 245 | _aHuman Anatomy and Physiology-2 | ||
| 250 | _a2nd 2019 | ||
| 260 |
_aNew Delhi _bNirali, Parkashan |
||
| 300 | _aI.2 | ||
| 650 | _aHuman Anatomy and Physiology | ||
| 942 |
_2ddc _cBK _05 |
||